[Event "FRA-chT Top 16 GpA"]
[Site "France"]
[Date "2006.04.02"]
[Round "7"]
[White "Bagheri, Amir"]
[Black "Karr, Jean Philippe"]
[Result "1-0"]
[WhiteElo "2521"]
[BlackElo "2379"]
[PlyCount "131"]
[EventDate "2006.02.03"]
[EventType "team-tourn"]
[EventRounds "7"]
[EventCountry "FRA"]
[SourceTitle "CBM 111 Extra"]
[Source "ChessBase"]
[SourceDate "2006.05.09"]
[SourceVersion "1"]
[SourceVersionDate "2006.05.09"]
[SourceQuality "1"]
[WhiteTeam "Clichy"]
[BlackTeam "Drancy"]
[WhiteTeamCountry "FRA"]
[BlackTeamCountry "FRA"]

1. d4 Nf6 2. Nf3 g6 3. Bg5 Bg7 4. Nbd2 d6 5. e4 0-0 6. c3 Nbd7 7. Bc4 e5 8. 0-0 Qe8 9. Re1 h6 10. Bh4 Nh5 11. a4 a5 12. Bb5 g5 13. Bg3 Nxg3 14. hxg3 Qe7 15. Nf1 exd4 16. cxd4 c5 17. Ne3 Qxe4 18. Bd3 Qe7 19. Bc2 Nf6 20. Nd5 Nxd5 21. Rxe7 Nxe7 22. dxc5 dxc5 23. Qd6 Nc6 24. Qxc5 Be6 25. Bf5 b6 26. Qb5 Nd4 27. Nxd4 Bxd4 28. Rd1 Rad8 29. Bxe6 fxe6 30. Rxd4 Rxd4 31. Qxb6 Rb4 32. Qxe6+ Kg7 33. Qe5+ Kg6 34. Qxa5 Rxb2 35. Qc5 Rb1+ 36. Kh2 Rbb8 37. f4 gxf4 38. gxf4 Ra8 39. g4 Kg7 40. Qd6 Kg8 41. Kg3 Rf7 42. Kh4 Rfa7 43. Qd5+ Kg7 44. Qe5+ Kf7 45. f5 Ra6 46. a5 R8a7 47. Qh8 Re7 48. Qc3 Rea7 49. Kh5 Rf6 50. Qc5 Rfa6 51. Qd4 Kg8 52. Qd8+ Kg7 53. Qe8 Rf6 54. Qe5 Kf7 55. Qd5+ Kg7 56. Qd2 Rfa6 57. Qe3 Kh7 58. g5 hxg5 59. f6 g4 60. Qe4+ Kh8 61. Qe8+ Kh7 62. f7 Rh6+ 63. Kxg4 Rg6+ 64. Kf5 Rxa5+ 65. Ke4 Ra1 66. f8N+ 1-0

[Event "FRA-chT Top 16 GpA"]
[Site "France"]
[Date "2006.04.01"]
[Round "6"]
[White "Karr, Jean Philippe"]
[Black "Dourerassou, Jonathan"]
[Result "1-0"]
[WhiteElo "2379"]
[BlackElo "2354"]
[PlyCount "93"]
[EventDate "2006.02.03"]
[EventType "team-tourn"]
[EventRounds "7"]
[EventCountry "FRA"]
[SourceTitle "CBM 111 Extra"]
[Source "ChessBase"]
[SourceDate "2006.05.09"]
[SourceVersion "1"]
[SourceVersionDate "2006.05.09"]
[SourceQuality "1"]
[WhiteTeam "Drancy"]
[BlackTeam "Creteil"]
[WhiteTeamCountry "FRA"]
[BlackTeamCountry "FRA"]

1. d4 Nf6 2. c4 g6 3. Nc3 d5 4. Nf3 Bg7 5. cxd5 Nxd5 6. Bg5 c5 7. Rc1 Nxc3 8. bxc3 0-0 9. Qd2 Bg4 10. e3 Nc6 11. d5 Bxf3 12. gxf3 Ne5 13. Be2 h6 14. Bf4 Qd7 15. h4 Rad8 16. e4 Kh7 17. Be3 b6 18. h5 g5 19. f4 gxf4 20. Bxf4 f5 21. Rg1 e6 22. d6 fxe4 23. Qe3 Nf3+ 24. Bxf3 exf3 25. Rg6 Rf5 26. Qe4 e5 27. Be3 Rdf8 28. Rd1 R5f6 29. Qg4 Rxg6 30. Qxg6+ Kh8 31. Bxh6 Rf7 32. Bxg7+ Rxg7 33. Qf6 Qb5 34. Qxe5 Kg8 35. Qd5+ Kh8 36. Qxf3 Rg1+ 37. Kd2 Qb2+ 38. Kd3 c4+ 39. Kd4 Rg5 40. Qf6+ Kh7 41. Qxg5 Qxf2+ 42. Qe3 Qf6+ 43. Kxc4 b5+ 44. Kc5 Qf5+ 45. Rd5 Qc8+ 46. Kd4 Qc4+ 47. Ke5 1-0

[Event "FRA-chT Top 16 GpA"]
[Site "France"]
[Date "2006.02.05"]
[Round "3"]
[White "Karr, Jean Philippe"]
[Black "Lautier, Joel"]
[Result "0-1"]
[WhiteElo "2379"]
[BlackElo "2682"]
[PlyCount "74"]
[EventDate "2006.02.03"]
[EventType "team-tourn"]
[EventRounds "7"]
[EventCountry "FRA"]
[SourceTitle "EXT 2007"]
[Source "ChessBase"]
[SourceDate "2006.11.23"]
[SourceVersion "1"]
[SourceVersionDate "2006.11.23"]
[SourceQuality "1"]
[WhiteTeam "Drancy"]
[BlackTeam "NAO"]
[WhiteTeamCountry "FRA"]
[BlackTeamCountry "FRA"]

1. d4 d5 2. c4 e6 3. Nc3 Bb4 4. Nf3 Nf6 5. cxd5 exd5 6. Bg5 Nbd7 7. Qc2 c5 8. dxc5 h6 9. Bd2 0-0 10. e3 Re8 11. Be2 Bxc5 12. 0-0 a6 13. a3 Bd6 14. b4 Ne5 15. Rfd1 Be6 16. Nd4 Rc8 17. Nxe6 fxe6 18. Qb3 Nc4 19. Be1 b5 20. a4 Qb6 21. axb5 axb5 22. Ra2 Ra8 23. Rda1 Rxa2 24. Rxa2 Rc8 25. Qb1 Be5 26. Qd3 Rd8 27. g3 Rc8 28. Bf1 Bd6 29. Qb1 Rf8 30. Bh3 Kh8 31. Bxe6 Nxe3 32. Qd3 Bxb4 33. Qxb5 Qd4 34. Ne2 Qe4 35. fxe3 Bxe1 36. Qc5 Bb4 37. Qd4 Qb1+ 0-1

[Event "Le Touquet op 20th"]
[Site "Le Touquet"]
[Date "2005.10.24"]
[Round "2"]
[White "Karr, Jean Philippe"]
[Black "Maes, Thomas"]
[Result "1-0"]
[WhiteElo "2354"]
[BlackElo "2195"]
[PlyCount "77"]
[EventDate "2005.10.23"]
[EventType "swiss"]
[EventRounds "9"]
[EventCountry "FRA"]
[SourceTitle "EXT 2006"]
[Source "ChessBase"]
[SourceDate "2005.11.24"]
[SourceVersion "1"]
[SourceVersionDate "2005.11.24"]
[SourceQuality "1"]

1. d4 Nf6 2. c4 Nc6 3. Nf3 e6 4. Nc3 Bb4 5. Qc2 d6 6. Bd2 0-0 7. a3 Bxc3 8. Bxc3 Qe7 9. g3 d5 10. Bg2 Rb8 11. Ne5 Nxe5 12. dxe5 Ne4 13. Bxe4 dxe4 14. Qxe4 b6 15. 0-0 Bb7 16. Qf4 Rfd8 17. h4 Qd7 18. h5 Qc6 19. f3 h6 20. g4 Ba6 21. b3 Qc5+ 22. Kh2 Qe7 23. a4 Bb7 24. Kh3 a5 25. Qe3 Kh7 26. Rg1 g6 27. hxg6+ fxg6 28. Kg3 Kg7 29. Rh1 Rh8 30. Rad1 Bc6 31. Rd6 Be8 32. Qd2 h5 33. Qf4 Rh7 34. Qf6+ Qxf6 35. exf6+ Kf7 36. Rd2 Bc6 37. Be5 Rc8 38. e4 Rhh8 39. Rdh2 1-0

[Event "Le Touquet op 20th"]
[Site "Le Touquet"]
[Date "2005.10.23"]
[Round "1"]
[White "Vandemeulebrouck, Renaud"]
[Black "Karr, Jean Philippe"]
[Result "0-1"]
[WhiteElo "2102"]
[BlackElo "2354"]
[PlyCount "50"]
[EventDate "2005.10.23"]
[EventType "swiss"]
[EventRounds "9"]
[EventCountry "FRA"]
[SourceTitle "EXT 2006"]
[Source "ChessBase"]
[SourceDate "2005.11.24"]
[SourceVersion "1"]
[SourceVersionDate "2005.11.24"]
[SourceQuality "1"]

1. e4 c5 2. Nf3 Nc6 3. d4 cxd4 4. Nxd4 Nf6 5. Nc3 e5 6. Ndb5 d6 7. Bg5 a6 8. Na3 b5 9. Bxf6 gxf6 10. Nd5 f5 11. c3 Bg7 12. Bd3 Be6 13. Nc2 Bxd5 14. exd5 Ne7 15. Ne3 e4 16. Bc2 Qc8 17. Qh5 0-0 18. g4 f4 19. Bxe4 Ng6 20. Nf5 Bxc3+ 21. Kd1 Qc4 22. bxc3 Qxe4 23. Re1 Qd3+ 24. Kc1 Qxc3+ 25. Kd1 Qd3+ 0-1